| Поле | Инд. | ПП | Название | Значение |
|---|---|---|---|---|
| Тип записи | a | |||
| Библиографический уровень | m | |||
| 001 | Контрольный номер | b7ee8c45-0726-4180-8fa9-c51ffffc3163 | ||
| 005 | Дата корректировки | 20140703124710.7 | ||
| 008 | Кодируемые данные | 040412 | ||
| 020 | a | ISBN | 5-9507-0028-7 | |
| c | Цена, тираж | 27.52 | ||
| 040 | a | Служба первич. каталог. | НБ ТвГУ | |
| 041 | a | Код языка текста | rus | |
| 080 | a | Индекс УДК | 808.2(075.2) | |
| 084 | a | Индекс другой классификации/Индекс ББК | Ш141.12-920 | |
| 090 | x | Авторский знак | Н59 | |
| a | Полочн. индекс | Ш141.12 | ||
| 100 | 1_ | a | Автор | Нечаева Наталия Васильевна |
| 245 | 10 | a | Заглавие | Я читаю? |
| n | Номер части/ раздела | Ч. 1 | ||
| b | Продолж. заглавия | Пособие для учащихся первого класса : В 3 ч. | ||
| c | Ответственность | Н. В. Нечаева, К. С. Белорусец | ||
| 250 | a | Основные сведения об издании | 2-е изд. | |
| b | Дополнительные сведения об издании | испр. | ||
| 260 | 0_ | a | Место издания | Самара |
| b | Издательство | Федоров | ||
| c | Дата издания | 2003 | ||
| b | Издательство | Учебная литература | ||
| 300 | a | Объем | 33 с., включ. обл. | |
| b | Иллюстрации/ тип воспроизводства | ил., цв. ил. | ||
| 583 | a | Действие | Получение впервые 148 09.04.2004 | |
| k | Исполнитель действия | ГУП "Тверская оптовая книжная база" | ||
| 650 | a | Основная рубрика | Русский язык | |
| x | Основная подрубрика | Учебники для начальной школы | ||
| x | Основная подрубрика | Буквари | ||
| 653 | a | Ключевые слова | Русский язык | |
| a | Ключевые слова | Буквари | ||
| 700 | 1_ | a | Другие авторы | Белорусец К. С. |
| e | Роль лиц | авт. | ||
| 852 | t | Порядковый номер экземпляра | 10 | |
| p | Инвентарный номер | 781209 | ||
| p | Инвентарный номер | 781210 | ||
| p | Инвентарный номер | 781211 | ||
| p | Инвентарный номер | 781212 | ||
| p | Инвентарный номер | 781213 | ||
| p | Инвентарный номер | 781214 | ||
| p | Инвентарный номер | 781215 | ||
| p | Инвентарный номер | 781216 | ||
| p | Инвентарный номер | 781217 | ||
| p | Инвентарный номер | 781218 | ||
| 888 | a | За счет средств университета | ||
| 930 | a | Новая/Ретро | учебники | |
| a | Новая/Ретро | буквари | ||
| 952 | p | 148.2004 27.52 1 781209 | ||
| p | 148.2004 27.52 1 781210 | |||
| p | 148.2004 27.52 1 781211 | |||
| p | 148.2004 27.52 1 781212 | |||
| p | 148.2004 27.52 1 781213 | |||
| p | 148.2004 27.52 1 781214 | |||
| p | 148.2004 27.52 1 781215 | |||
| p | 148.2004 27.52 1 781216 | |||
| p | 148.2004 27.52 1 781217 | |||
| p | 148.2004 27.52 1 781218 | |||
| c | Вид литературы | К ру | ||
| 954 | a | Дата поступления на обработку | 20040414 | |
| 999 | a | Подразделение 2 | Фил2 |